CARCAN DE CUIR - DALI (PAROLES) - Statistiques

Statistiques générales
  • Ce quiz a été pris 147 fois
    140 depuis la dernière actualisation
  • Le résultat moyen est 229 sur 308
Statistiques - réponses
Réponse % Correct
carcan
98%
et
98%
un
98%
elle
97%
dans
96%
de
96%
une
96%
ce
95%
palace
94%
par
94%
ta
94%
tout
94%
danse
92%
robe
92%
parquet
91%
tâché
91%
à
90%
a
90%
d'cuir
89%
la
88%
le
88%
me
88%
d'cuir
87%
d'cire
85%
que
85%
se
84%
c'est
83%
je
82%
larmes
82%
terrible
82%
au
81%
sur
81%
veut
81%
m'en
80%
suis
80%
cible
78%
était
78%
première
78%
qui
78%
qu'on
77%
insultes
76%
les
76%
ses
76%
ma
74%
croyait
73%
jure
72%
j'te
71%
refaire
71%
roulent
71%
ton
70%
tu
70%
si
69%
t'es
69%
tes
69%
magnifique
68%
parfaits
68%
mais
66%
plein
66%
quand
66%
vois
65%
en
63%
l'air
63%
lustre
63%
pas
63%
visage
63%
tellement
62%
clope
61%
dis
61%
j'ai
61%
quel
61%
charme
60%
mur
60%
pour
60%
qu'est
60%
éclairée
59%
encore
59%
grave
59%
mode
59%
moi
59%
mon
59%
peu
59%
tenue
59%
aimé
58%
belle
58%
t'aime
58%
t'énerves
58%
pourquoi
57%
quelques
57%
hardcore
56%
j't'aurais
56%
priant
56%
t'écrases
56%
contre
55%
mains
55%
s'efface
55%
col
54%
d'autres
54%
j'crois
54%
viennent
54%
doré
53%
préféré
53%
il
52%
terminé
52%
d'larmes
51%
élégante
51%
s'passe
51%
fenêtre
49%
blonde
48%
vrai
48%
agripper
47%
alors
47%
fort
47%
bordel
46%
cette
46%
souvenirs
46%
parles
45%
tête
45%
faut
44%
détente
43%
été
43%
fumant
43%
lettre
43%
m'hais
43%
presse
43%
qu'il
43%
t'étais
43%
décrire
42%
sortir
42%
barillet
41%
peine
41%
s'vider
40%
aura
39%
fallu
39%
t'as
39%
nos
38%
t'écrire
38%
voles
38%
partes
37%
culotté
35%
même
35%
patiente
35%
pleurais
34%
oh
32%
ramènent
32%
dingue
28%
jamais
28%
répondre
28%
drogues
20%
tourner
19%
j'fais
18%
Aucun quiz correspondant
Distribution des résultats
% des personnes avec chaque résultat
Percentile par nombre de réponses
Votre historique - résultats
Vous n’avez pas pris ce quiz depuis la dernière actualisation